|
|
|
|
| LEADER |
00000cam a22000004a 4500 |
| 001 |
musev2_69770 |
| 003 |
MdBmJHUP |
| 005 |
20230905051213.0 |
| 006 |
m o d |
| 007 |
cr||||||||nn|n |
| 008 |
090217s2008 ncu o 00 0 eng d |
| 020 |
|
|
|a 9780822388654
|
| 020 |
|
|
|z 9780822343042
|
| 020 |
|
|
|z 9780822342878
|
| 035 |
|
|
|a (OCoLC)1143653182
|
| 040 |
|
|
|a MdBmJHUP
|c MdBmJHUP
|
| 100 |
1 |
|
|a Yan, Hairong.
|
| 245 |
1 |
0 |
|a New Masters, New Servants :
|b Migration, Development, and Women Workers in China /
|c Yan Hairong.
|
| 264 |
|
1 |
|a Durham :
|b Duke University Press,
|c 2008.
|
| 264 |
|
3 |
|a Baltimore, Md. :
|b Project MUSE,
|c 2020
|
| 264 |
|
4 |
|c ©2008.
|
| 300 |
|
|
|a 1 online resource (328 pages).
|
| 336 |
|
|
|a text
|b txt
|2 rdacontent
|
| 337 |
|
|
|a computer
|b c
|2 rdamedia
|
| 338 |
|
|
|a online resource
|b cr
|2 rdacarrier
|
| 490 |
0 |
|
|a Duke backfile
|
| 505 |
0 |
|
|a 1. The emaciation of the rural : "No way out" -- 2. Mind and body, gender and class -- 3. Suzhi as a new human value : neoliberal governance of labor migration -- 4. A mirage of modernity : pas de deux of consumption and production -- 5. Self-development and the specter of class -- 6. The economic law and liminal subjects.
|
| 520 |
|
|
|a Ethnographic study of the migration of rural Chinese women to urban areas to serve as domestic laborers.
|
| 546 |
|
|
|a English.
|
| 588 |
|
|
|a Description based on print version record.
|
| 650 |
|
7 |
|a Women household employees
|x Social conditions.
|2 fast
|0 (OCoLC)fst01734131
|
| 650 |
|
7 |
|a Rural women
|x Employment.
|2 fast
|0 (OCoLC)fst01101889
|
| 650 |
|
7 |
|a Rural-urban migration.
|2 fast
|0 (OCoLC)fst01101940
|
| 650 |
|
7 |
|a SOCIAL SCIENCE
|x Anthropology
|x Cultural.
|2 bisacsh
|
| 650 |
|
7 |
|a POLITICAL SCIENCE
|x Labor & Industrial Relations.
|2 bisacsh
|
| 650 |
|
7 |
|a BUSINESS & ECONOMICS
|x Labor.
|2 bisacsh
|
| 650 |
|
6 |
|a Exode rural
|z Chine.
|
| 650 |
|
6 |
|a Femmes en milieu rural
|x Travail
|z Chine.
|
| 650 |
|
6 |
|a Employees de maison
|z Chine
|x Conditions sociales.
|
| 650 |
|
0 |
|a Rural-urban migration
|z China.
|
| 650 |
|
0 |
|a Rural women
|x Employment
|z China.
|
| 650 |
|
0 |
|a Women household employees
|z China
|x Social conditions.
|
| 651 |
|
7 |
|a China.
|2 fast
|0 (OCoLC)fst01206073
|
| 655 |
|
7 |
|a Electronic books.
|2 local
|
| 710 |
2 |
|
|a Project Muse.
|e distributor
|
| 830 |
|
0 |
|a Book collections on Project MUSE.
|
| 856 |
4 |
0 |
|z Texto completo
|u https://projectmuse.uam.elogim.com/book/69770/
|
| 945 |
|
|
|a Project MUSE - Custom Collection
|